Fundamentos de psicología social
Wedi'i Gadw mewn:
| Prif Awduron: | , , |
|---|---|
| Fformat: | Llyfr |
| Iaith: | Sbaeneg |
| Cyhoeddwyd: |
Madrid
Siglo Veintiuno
1997
|
| Cyfres: | Sociología. Psicología Social
|
| Pynciau: | |
| Tagiau: |
Ychwanegu Tag
Dim Tagiau, Byddwch y cyntaf i dagio'r cofnod hwn!
|
MARC
| LEADER | 00000nam a2200000 a 4500 | ||
|---|---|---|---|
| 001 | UCM1779 | ||
| 003 | CL-VaPUC | ||
| 008 | 020412e19970900SP |||||||||||||||||spa|d | ||
| 082 | 0 | 4 | |a 302 |b SAB |2 21 |
| 100 | 0 | |a Sabucedo, J. M |e author |9 468632 | |
| 700 | 0 | |a D'Adamo, Orlando |e author |9 468633 | |
| 700 | |a García Beaudoux, Virginia |e author |9 600336 | ||
| 245 | 1 | 0 | |a Fundamentos de psicología social |
| 300 | |a 279 p | ||
| 942 | |c BK | ||
| 945 | |d 20020412 00:00:00 |a cmena | ||
| 260 | |a Madrid |b Siglo Veintiuno |c 1997 | ||
| 650 | 0 | |a Psicología social |9 222894 | |
| 650 | 7 | |a PSICOLOGIA SOCIAL - HISTORIA |2 CL-VaPUC |9 468635 | |
| 650 | 0 | |a Teorías científicas |9 316549 | |
| 583 | |a last modification |c 20020412 00:00:00 |k Rodrigo Vera | ||
| 490 | 0 | |a Sociología. Psicología Social | |
| 999 | |c 300018 |d 300016 | ||
| 952 | |0 0 |1 0 |4 0 |6 302_000000000000000_SAB_1997 |7 0 |8 A |9 357291 |a BIBEDU |b BIBEDU |d 2019-11-21 |i 3805646 |l 1 |o 302 SAB 1997 |p 3805646 |r 2023-07-11 |s 2023-07-11 |w 2019-11-21 |y BK |k PSI | ||